Life Ball Knowledge Quiz - Statistics

General Stats
  • This quiz has been taken 39 times
  • The average score is 21 of 25
Answer Stats
Hint Answer % Correct
How many years are in a century? 100
100%
How deep are people buried once they die? Six feet| 6 feet
100%
Who created Mickey Mouse? Walt Disney
100%
How long does it take the earth to make one revolution around the sun? 365 days| 1 Year| year| a year
97%
What is largest animal on earth? Blue whale
97%
Name an ocean other than pacific or atlantic Indian| Southern| Arctic| Antarctic
97%
What is the most spoken language in China? Mandarin
97%
If you have arachnophobia, what are you afraid of? Spiders
97%
What is the main ingredient used to make glass? Sand
91%
What language do blind people use to read? Braille
88%
What do wind turbines create? energy| electricity
88%
Who did Lee Harvey Oswald allegedly assassinate? JFK| John F. Kennedy
85%
Who painted the Mona Lisa? Leonardo Da Vinci
85%
What is the hardest naturally occurring substance on earth? Diamond
82%
What type of gas does the green handle typically denote at the gas station? Diesel
82%
What is the capital of Spain? Madrid
82%
What do meteorologists study? Weather
79%
What does EU stand for? European Union
76%
Name a Scandinavian country Norway| Sweden| Finland| Denmark| Iceland
76%
What does CEO stand for? Chief Executive Officer
73%
What is a loan on real estate, such as homes called? Mortgage
73%
Name an ingredient typically found in mayo? Oil| Egg| Lemon| Vinegar
67%
What does SOS stand for? Save our ship| Save our souls
64%
What kind of people does a mortician work with? Dead People
58%
What financial event caused the great depression? Stock market crash
58%
No matching quizzes found
Score Distribution
Percent of People with Each Score
Percentile by Number Answered
Your Score History
You have not taken this quiz